| 000 | 00634nam a2200217Ia 4500 | ||
|---|---|---|---|
| 003 | OSt | ||
| 005 | 20230401110513.0 | ||
| 008 | 210423s2006 xx 000 0 und d | ||
| 020 | _a8121926629 | ||
| 040 | _cAL | ||
| 041 | _aeng | ||
| 082 |
_a657.046 _223 _bPILR |
||
| 100 |
_aPILLAI (R S N);others. _981562 |
||
| 245 | _aFundamentals of advanced accounting: financial accountancy. V1. | ||
| 260 |
_aNew Delhi _bResearch and Education Association _c2006 |
||
| 300 |
_axiii,1261 _bPB |
||
| 365 |
_b400 _cINR |
||
| 440 | _v1 | ||
| 906 | _aaccountancy. ; accounting: ; advanced ; financial ; Fundamentals ; V1. | ||
| 942 |
_2ddc _cBK |
||
| 999 |
_c156757 _d156757 |
||